| 000 | 01076nam a22002897a 4500 | ||
|---|---|---|---|
| 001 | BR7601975 | ||
| 003 | BR-BrBNA | ||
| 005 | 20230928084940.0 | ||
| 007 | ta | ||
| 008 | 230509b bl.||||| |||| 00| 0 por d | ||
| 040 |
_aBR-BrBNA _bpor _cBiblioteca Nacional de Agricultura |
||
| 041 | _a(Por) | ||
| 072 |
_aL30 _b0331 _b5212 _b/G514 |
||
| 090 | _ 0331 BR7601975 | ||
| 100 | 1 | _aCosta Filho, G.A. da | |
| 110 | 1 |
_aUniversidade Federal Rural de Pernambuco, Recife (Brasil). Depto. de Medicina Veterinaria _0Tese (Docente Livre) _911211 |
|
| 245 | 1 | _aComprovacao da inocuidade do "Lex proteico" (torta de mamona destoxicada)para arracoamento de bovinos, por selecao de metodos laboratoriais (Contribuicao a alimentacao animal)[ Ricinus communis] | |
| 260 | 3 |
_aRecife, PE (Brasil): _c1976. |
|
| 300 | _a73 p. | ||
| 500 | _a9 tables; 29 ref.; Summaries (Eng, Por). (*) Documento disponível na(o) UFRPE, Recife (Brazil) | ||
| 650 | _aNutricao animal | ||
| 650 | _aMamona | ||
| 650 | _aBovino | ||
| 650 | _aTorta | ||
| 909 |
_a202309 _bLucia _c55 _dLucia Elande |
||
| 942 | _cBK | ||
| 999 |
_c22052 _d22052 |
||